[Event "72nd ch-AZE 2017"]
[Site "masterchessopen.com Baku AZE"]
[Date "2017.03.15"]
[Round "9.1"]
[White "Abdulov,Or"]
[Black "Abasov,N"]
[Result "0-1"]
[WhiteElo "2384"]
[BlackElo "2583"]

1.e4 c5 2.Nf3 Nc6 3.Bb5 g6 4.O-O Bg7 5.Re1 Nf6 6.c3 O-O 7.d4 d5 8.e5 Ne4 9.Be3
Qb6 10.Na3 cxd4 11.cxd4 a6 12.Bxc6 bxc6 13.Qc2 f6 14.Rac1 Bd7 15.Nd2 Nxd2
16.Qxd2 a5 17.Nb1 Qb4 18.Nc3 fxe5 19.dxe5 Bxe5 20.Nxd5 Qxd2 21.Nxe7+ Kg7
22.Bxd2 Bxb2 23.Rc4 Rf6 24.Rb1 Be5 25.Re4 Rd6 26.Be3 Bf6 27.Bc5 Rb8 28.Rbe1
Rd2 29.a4 Rc2 30.Bd4 Bxd4 31.Rxd4 Re2 32.Kf1 Rxe1+ 33.Kxe1 Rb7 34.Re4 Kf7
35.Re5 Rb4 36.Nxg6 hxg6 37.Rxa5 Be6 38.Ra7+ Kf6 39.a5 Ra4 {#R} 0-1

[Event "72nd ch-AZE 2017"]
[Site "masterchessopen.com Baku AZE"]
[Date "2017.03.15"]
[Round "9.2"]
[White "Eynullayev,Altay"]
[Black "Iskandarov,M"]
[Result "0-1"]
[WhiteElo "2274"]
[BlackElo "2426"]

1.e4 g6 2.d4 Bg7 3.Nc3 d6 4.Be3 c6 5.Qd2 b5 6.O-O-O Nf6 7.f3 Nbd7 8.e5 b4
9.exf6 bxc3 10.Qxc3 Nxf6 11.Bc4 O-O 12.Ne2 Rb8 13.Nf4 Bd7 14.h4 e6 15.h5 Nd5
16.Bxd5 exd5 17.hxg6 fxg6 18.g4 Qb6 19.b3 Rf7 20.Rh3 c5 21.Qd2 Qa6 22.Kb1 c4
23.Nxd5 Be6 24.Nb4 Qa3 25.c3 cxb3 26.Ka1 a5 {#R} 0-1

[Event "72nd ch-AZE 2017"]
[Site "masterchessopen.com Baku AZE"]
[Date "2017.03.15"]
[Round "9.4"]
[White "Bashirli,Nail"]
[Black "Idrisov,T"]
[Result "1-0"]
[WhiteElo "2369"]
[BlackElo "2315"]

1.e4 c5 2.Nf3 d6 3.d4 cxd4 4.Nxd4 Nf6 5.Nc3 a6 6.Bg5 e6 7.f4 Be7 8.Qf3 Nbd7
9.O-O-O Qc7 10.g4 h6 11.Bxf6 Bxf6 12.h4 Qb6 13.Nb3 Be7 14.Be2 Nc5 15.e5 Nxb3+
16.axb3 dxe5 17.fxe5 Qa5 18.Rhf1 Rf8 19.Qg3 Bd7 20.Kb1 O-O-O 21.Bf3 Be8
22.Rxd8+ Qxd8 23.Ne4 Bc6 24.Nd6+ Bxd6 25.exd6 Bd7 26.Qe1 Qb6 27.Qc3+ Kb8
28.Qxg7 Rc8 29.Qxf7 Qb5 30.Be4 Bc6 31.Bd3 Qd5 32.Qe7 Rg8 33.Bc4 Qd2 34.Bxe6
Qe2 35.Qc7+ Ka7 36.Bc4 Qg2 37.d7 {#r} 1-0

[Event "72nd ch-AZE 2017"]
[Site "masterchessopen.com Baku AZE"]
[Date "2017.03.15"]
[Round "9.6"]
[White "Muradli,Mahammad"]
[Black "Zeynalov,F"]
[Result "0-1"]
[WhiteElo "2331"]
[BlackElo "2317"]

1.d4 Nf6 2.c4 g6 3.g3 Bg7 4.Bg2 O-O 5.Nc3 d6 6.e4 Nc6 7.Nge2 e5 8.d5 Nd4
9.Nxd4 exd4 10.Ne2 Re8 11.f3 c5 12.dxc6 d5 13.cxd5 bxc6 14.dxc6 d3 15.Nc3 Qb6
16.Qb3 Qxc6 17.O-O Ba6 18.Bf4 Qc5+ 19.Kh1 Bc4 20.Qa4 Nh5 21.Bd2 Re6 22.g4 Ra6
23.Qd1 Nf6 24.Rc1 Qd4 25.b3 Be6 26.Nb5 Qd8 27.a4 Rc8 28.Rxc8 Qxc8 29.Bc3 Qd7
30.g5 Nh5 31.f4 Rc6 32.f5 gxf5 33.exf5 Bd5 34.f6 Ng3+ 35.Kg1 Ne2+ 36.Kh1 Bxg2+
37.Kxg2 Bf8 38.Be1 Rc1 39.Qd2 Qg4+ 40.Bg3 Rxf1 41.Kxf1 Qf3+ {#R} 0-1

[Event "72nd ch-AZE 2017"]
[Site "masterchessopen.com Baku AZE"]
[Date "2017.03.15"]
[Round "9.7"]
[White "Zeynalov,R"]
[Black "Aliyev,Ravan"]
[Result "0-1"]
[WhiteElo "2237"]
[BlackElo "2261"]

1.e4 e6 2.d4 d5 3.Nc3 Nf6 4.e5 Nfd7 5.f4 c5 6.Nf3 Nc6 7.Be3 cxd4 8.Nxd4 Bc5
9.Qd2 O-O 10.O-O-O a6 11.Kb1 Nxd4 12.Bxd4 b5 13.h4 b4 14.Na4 Bxd4 15.Qxd4 Qa5
16.b3 Bb7 17.Bd3 Bc6 18.Nb2 Qc5 19.Qxc5 Nxc5 20.h5 a5 21.Rh4 f6 22.h6 fxe5
23.fxe5 g6 24.Rc1 Rf2 25.Rg4 Raf8 26.Rg3 Rd2 27.Rg1 Rf4 28.Nd1 Ne4 29.Bxe4
Rxe4 30.Rf3 Rxe5 31.Kc1 Rde2 32.Nf2 d4 33.Rf4 Rf5 34.Nd3 e5 35.Kd1 Rxg2
36.Rxg2 exf4 37.Rg1 f3 38.Ke1 Bb5 39.Rg4 Bxd3 40.cxd3 Kf7 41.Rxd4 g5 42.Kf2
Kg6 43.Rd6+ Kh5 44.d4 g4 45.Rc6 g3+ 46.Kf1 f2 47.Rc1 Kg4 48.Rd1 Kh3 49.Rd3 Kh2
{#R} 0-1

[Event "72nd ch-AZE 2017"]
[Site "masterchessopen.com Baku AZE"]
[Date "2017.03.15"]
[Round "9.8"]
[White "Gadimbayli,Abdulla"]
[Black "Mustafin,Andrey"]
[Result "1-0"]
[WhiteElo "2315"]
[BlackElo "2270"]

1.e4 e5 2.Nf3 Nc6 3.Bb5 a6 4.Ba4 Nf6 5.O-O b5 6.Bb3 Bc5 7.c3 d6 8.d4 Bb6 9.h3
O-O 10.Re1 Bb7 11.a4 h6 12.Nh4 exd4 13.Nf5 Ne7 14.Nxe7+ Qxe7 15.cxd4 Rfe8
16.axb5 axb5 17.Rxa8 Bxa8 18.Bc2 c5 19.dxc5 Bxc5 20.Be3 Qe5 21.Bxc5 Qxc5
22.Nd2 Qd4 23.b3 Rc8 24.Bb1 d5 25.e5 Nd7 26.Bf5 Rd8 27.e6 Nf6 28.exf7+ Kxf7
29.Qc2 Qf4 30.Nf3 Ne4 31.Nd4 Qe5 32.Qd1 g6 33.Bxe4 dxe4 34.Nc6 Rxd1 35.Nxe5+
Ke6 36.Rxd1 Kxe5 37.Rd8 Bd5 38.Rb8 Bc6 39.Kf1 Kd4 40.Ke2 {#r} 1-0

[Event "74th ch-GEO w 2017"]
[Site "masterchessopen.com Tbilisi GEO"]
[Date "2017.03.15"]
[Round "5.1"]
[White "Khurtsidze,N"]
[Black "Kuchava,A"]
[Result "1-0"]
[WhiteElo "2383"]
[BlackElo "2134"]

1.d4 d5 2.c4 e6 3.Nc3 Be7 4.Nf3 Nf6 5.Bf4 c5 6.dxc5 Bxc5 7.e3 Nc6 8.a3 O-O
9.Qc2 Re8 10.Rd1 h6 11.cxd5 exd5 12.Nxd5 Nxd5 13.Qxc5 Be6 14.Bc4 Nce7 15.Bxd5
Nxd5 16.O-O b6 17.Qd4 Qe7 18.Bg3 Rac8 19.e4 Nf6 20.Bh4 Bb3 21.Rc1 Rxc1 22.Rxc1
g5 23.e5 Nd7 24.Bg3 Nc5 25.h4 Rd8 26.Qg4 Bd1 27.Qh5 Bxf3 28.gxf3 Kg7 29.f4
gxf4 30.Bxf4 Qe6 31.Kh2 Rd3 32.Bxh6+ Kh7 33.Be3+ Kg7 34.b4 Ne4 35.Rg1+ Kf8
36.Qh8+ Ke7 37.Rg8 Qc6 38.Rc8 Qd7 39.Qf8+ Ke6 40.Re8+ Kf5 41.Re7 Qd8 42.Qxf7+
{#r} 1-0

[Event "74th ch-GEO w 2017"]
[Site "masterchessopen.com Tbilisi GEO"]
[Date "2017.03.15"]
[Round "5.3"]
[White "Arabidze,M"]
[Black "Melia,S"]
[Result "0-1"]
[WhiteElo "2383"]
[BlackElo "2394"]

1.Nf3 d5 2.d4 Nf6 3.c4 e6 4.Bg5 Be7 5.Nc3 h6 6.Bxf6 Bxf6 7.Qc2 O-O 8.O-O-O c6
9.e4 dxc4 10.Bxc4 b5 11.Be2 b4 12.Na4 Ba6 13.Nc5 Bxe2 14.Qxe2 Nd7 15.Nxd7 Qxd7
16.Kb1 a5 17.h4 g6 18.h5 g5 19.Ne5 Qc7 20.Nc4 Rfd8 21.e5 Be7 22.Qe4 c5 23.d5
exd5 24.Rxd5 Rxd5 25.Qxd5 Rd8 26.Qf3 Rd4 27.Rc1 Rf4 28.Qa8+ Kg7 29.Qd5 Rd4
30.Qf3 g4 31.Qe2 Qd7 32.Ne3 Bg5 33.Qc2 Bxe3 34.fxe3 Rd5 35.Qe4 Qe6 36.Rc4 Rxe5
37.Qxg4+ Qxg4 38.Rxg4+ Kf6 39.Rc4 Rxh5 40.Kc2 Ke6 41.Kd3 Rd5+ 42.Ke2 Rg5
43.Kf3 Kd5 44.Rf4 f5 45.Rh4 c4 46.Rxh6 c3 47.bxc3 bxc3 48.Rh8 Kc4 49.Rc8+ Kd3
50.Rd8+ Kc2 51.Rd5 a4 52.Ra5 Kb2 53.Rxa4 c2 54.Rb4+ Kxa2 55.Rc4 Kb2 56.g3 Rg4
57.e4 Rxe4 {#R} 0-1

[Event "74th ch-GEO w 2017"]
[Site "masterchessopen.com Tbilisi GEO"]
[Date "2017.03.15"]
[Round "5.5"]
[White "Gvetadze,Sopi"]
[Black "Khukhashvili,S"]
[Result "1-0"]
[WhiteElo "2285"]
[BlackElo "2368"]

1.e4 e5 2.Nf3 Nc6 3.Bb5 a6 4.Ba4 Nf6 5.d3 b5 6.Bb3 Be7 7.O-O d6 8.c3 O-O 9.h3
Bb7 10.Re1 Nb8 11.Nbd2 Nbd7 12.Nf1 Re8 13.Ng3 Nc5 14.Bc2 Bf8 15.b4 Ncd7 16.Bb3
h6 17.Nh2 d5 18.Qf3 dxe4 19.Nxe4 Bd5 20.Ng4 Bxb3 21.axb3 Nxg4 22.hxg4 f6
23.Qf5 Re7 24.Be3 Qe8 25.Ra5 Re6 26.Rea1 Rc6 27.Qf3 Re6 28.Rxb5 Rd8 29.Rba5
Nb8 30.Ba7 Qc6 31.Bxb8 Rxb8 32.Rxa6 Qxa6 33.Rxa6 Rxa6 34.Qf5 Rd8 35.b5 Rb6
36.c4 c5 37.Nc3 Kf7 38.Nd5 Rbd6 39.b6 Rb8 40.Qf3 Rbxb6 41.Nxb6 Rxb6 42.Qd5+
Re6 43.b4 cxb4 44.c5 b3 45.Qb7+ Be7 46.c6 b2 47.c7 Rc6 48.Qxc6 b1=Q+ 49.Kh2
{#r} 1-0

[Event "33rd ChessOrg Open"]
[Site "masterchessopen.com Bad Woerishofen GER"]
[Date "2017.03.15"]
[Round "6.2"]
[White "Melamed,T"]
[Black "Pap,M"]
[Result "0-1"]
[WhiteElo "2327"]
[BlackElo "2493"]

1.e4 e5 2.Nf3 Nc6 3.Bb5 a6 4.Ba4 Nf6 5.O-O b5 6.Bb3 Bb7 7.d3 Bd6 8.a4 O-O
9.Nc3 b4 10.Ne2 Na5 11.Ba2 h6 12.Ng3 Re8 13.Bd2 Bf8 14.c3 c5 15.Re1 Rb8
16.cxb4 cxb4 17.d4 exd4 18.e5 Nd5 19.Nxd4 Ba8 20.Qf3 b3 21.Bb1 Bb4 22.Qd3 g6
23.Bxb4 Rxb4 24.Ndf5 gxf5 25.Qxf5 Qg5 26.Qh7+ Kf8 27.Be4 Qg7 28.Qf5 Qxe5
29.Qxd7 Nf6 30.Qd2 Rxe4 31.Nxe4 Bxe4 32.Qxh6+ Kg8 33.f3 Qd4+ 34.Kh1 Bg6 {#R}
0-1

[Event "33rd ChessOrg Open"]
[Site "masterchessopen.com Bad Woerishofen GER"]
[Date "2017.03.15"]
[Round "6.4"]
[White "Felgendreher,Heiko"]
[Black "Guttenthaler,F"]
[Result "0-1"]
[WhiteElo "2224"]
[BlackElo "2315"]

1.e4 e6 2.d4 d5 3.Nc3 Nf6 4.Bg5 Be7 5.e5 Nfd7 6.h4 c5 7.Nb5 f6 8.Bf4 fxe5
9.dxe5 Nc6 10.Qg4 O-O 11.Nf3 Rf5 12.Bd3 Ndxe5 13.Nxe5 Nxe5 14.Bxe5 Rxe5+
15.Kf1 Bf6 16.Rh3 d4 17.f4 Rd5 18.Re1 Bd7 19.Na3 e5 20.Qh5 g6 21.Rg3 Bg7
22.Qf3 Be6 23.Bc4 Kh8 24.Bxd5 Bxd5 25.Qg4 exf4 26.Rh3 Qf6 27.Qd7 Bc6 28.Qe7
Qf5 29.Qg5 f3 30.g4 Qf8 31.h5 Re8 32.Rxe8 Qxe8 33.Rh2 Be5 34.h6 Kg8 35.Qd2
Bxh2 36.Qxh2 b5 37.b3 a6 38.g5 Bd5 39.Nb1 Qe2+ 40.Qxe2 fxe2+ 41.Kxe2 Be4
42.Kd1 Kf7 43.Nd2 Bd5 44.b4 cxb4 45.Ke2 Ke6 46.Kd3 Ke5 {#R} 0-1

[Event "33rd ChessOrg Open"]
[Site "masterchessopen.com Bad Woerishofen GER"]
[Date "2017.03.15"]
[Round "6.5"]
[White "Guenther,T"]
[Black "Pitschka,C"]
[Result "0-1"]
[WhiteElo "2048"]
[BlackElo "2251"]

1.d4 d5 2.Nf3 Nf6 3.c4 c6 4.e3 Bf5 5.Bd3 Bxd3 6.Qxd3 e6 7.Nc3 Nbd7 8.O-O Be7
9.b3 a6 10.Bb2 b5 11.cxd5 cxd5 12.a4 b4 13.Ne2 O-O 14.Rac1 Qb6 15.Rc2 Rfc8
16.Rfc1 Qb7 17.Ng3 Nb6 18.Rxc8+ Rxc8 19.Rxc8+ Qxc8 20.h3 Nbd7 21.e4 dxe4
22.Nxe4 Nxe4 23.Qxe4 Nf6 24.Qe2 Nd5 25.Ne5 h6 26.g3 Bf6 27.Qc4 Qxc4 28.Nxc4
Nc3 29.Ne5 Bxe5 30.dxe5 Ne4 31.Bd4 Nd2 32.Bc5 a5 33.Bb6 Nxb3 34.Kf1 Nd2+
35.Ke2 Nc4 36.Bc7 b3 37.Kd3 Kf8 38.Bb8 Ke8 39.Kc3 b2 40.Kc2 Kd7 41.Ba7 Kc6
42.Bd4 Kd5 43.Bc3 Ke4 44.Bxb2 Nxb2 45.Kxb2 Kf3 46.Kc3 Kxf2 47.Kc4 f6 48.Kb5
fxe5 {#R} 0-1

[Event "33rd ChessOrg Open"]
[Site "masterchessopen.com Bad Woerishofen GER"]
[Date "2017.03.15"]
[Round "6.6"]
[White "Pirrot,D"]
[Black "Englmeier,H"]
[Result "1-0"]
[WhiteElo "2357"]
[BlackElo "2191"]

1.d4 Nf6 2.Bg5 d5 3.e3 e6 4.Nd2 Nbd7 5.Ngf3 Be7 6.Bd3 e5 7.dxe5 Ng4 8.Bf4 Nc5
9.h3 Nh6 10.Bxh6 gxh6 11.Nd4 Nxd3+ 12.cxd3 c5 13.Ne2 Qa5 14.Nf4 Bf5 15.Nxd5
Bxd3 16.Qb3 Be4 17.Qxb7 Bxd5 18.Qxd5 Rd8 19.Qc6+ Kf8 20.Qxh6+ Ke8 21.Qc6+ Kf8
22.Rd1 Kg7 23.Qe4 c4 24.Qg4+ Kh6 25.Qxc4 Rxd2 26.Rxd2 Rd8 27.O-O Rxd2 28.Qf4+
Kg7 29.Rc1 Qd5 30.Rc7 Qe6 31.Rxa7 Rxb2 32.a4 Rb4 33.Qg3+ Kh6 34.f4 f5 35.Kh2
Kh5 36.Qg7 {#r} 1-0

[Event "33rd ChessOrg Open"]
[Site "masterchessopen.com Bad Woerishofen GER"]
[Date "2017.03.15"]
[Round "6.8"]
[White "Herbold,M"]
[Black "Schulze,U"]
[Result "0-1"]
[WhiteElo "2187"]
[BlackElo "2305"]

1.e4 c6 2.d4 d5 3.exd5 cxd5 4.Bd3 Nc6 5.c3 Nf6 6.Bf4 g6 7.h3 Bg7 8.Nf3 Nh5
9.Be3 Qc7 10.Qd2 O-O 11.a4 Nf6 12.Bf4 Qb6 13.Na3 Ne4 14.Bxe4 dxe4 15.Ne5 Nxe5
16.dxe5 Be6 17.O-O Rad8 18.Qe2 Rd3 19.Be3 Qa6 20.Nc2 Qc4 21.b3 Qxc3 22.Rac1
Qxe5 23.Nb4 Rd7 24.Bxa7 Qa5 25.Bc5 Bh6 26.Qxe4 Bxc1 27.Rxc1 Rc8 {#R} 0-1

[Event "33rd ChessOrg Open"]
[Site "masterchessopen.com Bad Woerishofen GER"]
[Date "2017.03.15"]
[Round "6.9"]
[White "Eichler,C"]
[Black "Roemer,U"]
[Result "1-0"]
[WhiteElo "2290"]
[BlackElo "2182"]

1.d4 d6 2.Nf3 g6 3.g3 Bg7 4.Bg2 Nf6 5.O-O O-O 6.c4 Nbd7 7.Nc3 e5 8.e4 exd4
9.Nxd4 Re8 10.h3 Nc5 11.Re1 a5 12.Ndb5 Nfd7 13.Bg5 Qxg5 14.Nxc7 Qd8 15.Nxa8
Bxc3 16.bxc3 Ne5 17.Rb1 Nxc4 18.Bf1 Be6 19.Bxc4 Bxc4 20.Nb6 Bd3 21.Rb2 Bxe4
22.Nd5 Re5 23.Rd2 b5 24.Re3 Qa8 25.Nf6+ Kg7 26.Nxe4 Nxe4 27.Rxd6 {#r} 1-0

[Event "33rd ChessOrg Open"]
[Site "masterchessopen.com Bad Woerishofen GER"]
[Date "2017.03.15"]
[Round "6.11"]
[White "Gaerths,R"]
[Black "Hess,Max"]
[Result "0-1"]
[WhiteElo "2179"]
[BlackElo "2251"]

1.d4 d6 2.e4 g6 3.Nf3 Bg7 4.Nc3 a6 5.a4 b6 6.Bg5 Bb7 7.Bd3 h6 8.Bf4 e6 9.O-O
Ne7 10.e5 d5 11.a5 c5 12.axb6 cxd4 13.Nxd4 Nd7 14.Re1 Qxb6 15.Nb3 Nc6 16.Nxd5
exd5 17.e6 Nde5 18.exf7+ Kxf7 19.Bxa6 Rhd8 20.Bxb7 Rxa1 21.Qxa1 Qxb7 22.Na5
Nxa5 23.Qxa5 Re8 24.b3 Nd7 25.Rd1 Nf6 26.Be3 Ra8 27.Qc5 Rc8 28.Qd6 Rxc2 29.h3
Rc6 30.Qf4 Kg8 31.Rb1 Qc7 32.Qf3 Ne4 33.Bf4 Qf7 34.Qg4 h5 35.Qf3 Rc3 36.Be3
Qxf3 37.gxf3 Nd6 38.Rd1 Nf5 39.Rxd5 Rxb3 40.Rd8+ Kf7 41.Kg2 Nxe3+ 42.fxe3 Rxe3
43.Rd7+ Kf6 44.Rd2 Kf5 45.Ra2 Rb3 46.Kg3 Be5+ 47.Kh4 Rb4+ {#R} 0-1

[Event "33rd ChessOrg Open"]
[Site "masterchessopen.com Bad Woerishofen GER"]
[Date "2017.03.15"]
[Round "6.14"]
[White "De Santis,A"]
[Black "Remensberger,H"]
[Result "1-0"]
[WhiteElo "2219"]
[BlackElo "2049"]

1.b3 d5 2.Bb2 Bg4 3.f3 Bf5 4.e3 e6 5.Ne2 Nf6 6.Ng3 Bg6 7.Be2 Bd6 8.Nc3 a6
9.O-O h5 10.Bd3 Rh6 11.Qe1 Bxd3 12.cxd3 Ng4 13.fxg4 hxg4 14.Nce2 Qh4 15.Kf2 e5
16.Rh1 Nd7 17.Kg1 g6 18.d4 e4 19.a4 c6 20.Ba3 Bc7 21.Qf2 Rh7 22.Kf1 O-O-O
23.Nxe4 dxe4 24.Qxh4 Rxh4 25.Be7 Rxh2 26.Rxh2 Bxh2 27.Bxd8 Kxd8 28.g3 {#r} 1-0

[Event "33rd ChessOrg Open"]
[Site "masterchessopen.com Bad Woerishofen GER"]
[Date "2017.03.15"]
[Round "6.18"]
[White "Bader,Gerd"]
[Black "Baasansuren,Erdene"]
[Result "0-1"]
[WhiteElo "2091"]
[BlackElo "2221"]

1.e4 c5 2.d3 Nc6 3.g3 Nf6 4.Bg2 d5 5.Nd2 g6 6.Ngf3 Bg7 7.O-O O-O 8.Re1 e5 9.c3
h6 10.a3 Be6 11.b4 c4 12.b5 Na5 13.d4 Nxe4 14.Nxe4 dxe4 15.Nxe5 Nb3 16.Rb1 Qa5
17.Bxe4 Rad8 18.Qf3 Nxd4 19.Qe3 Nf5 20.Bxf5 Bxf5 21.Rb4 Rfe8 22.f4 f6 23.g4
Bd3 24.Qf3 fxe5 {#R} 0-1

[Event "33rd ChessOrg Open"]
[Site "masterchessopen.com Bad Woerishofen GER"]
[Date "2017.03.15"]
[Round "6.19"]
[White "Hornung,H"]
[Black "Rahls,P"]
[Result "1-0"]
[WhiteElo "2052"]
[BlackElo "2195"]

1.b3 d5 2.Bb2 c5 3.e3 Nf6 4.Nf3 a6 5.c4 e6 6.g3 Nc6 7.Bg2 d4 8.exd4 cxd4 9.O-O
Be7 10.Re1 O-O 11.d3 Re8 12.Na3 Bb4 13.Re2 e5 14.Nc2 Bc3 15.Bxc3 dxc3 16.d4 e4
17.Ng5 Bg4 18.f3 exf3 19.Rxe8+ Qxe8 20.Nxf3 Rd8 21.Qd3 Qd7 22.Qxc3 h5 23.Re1
Bxf3 24.Bxf3 h4 25.d5 Ne7 26.Qe5 Ng6 27.Qg5 hxg3 28.Qxg3 b5 29.Kh1 bxc4
30.bxc4 Qa4 31.Ne3 Qb4 32.Rd1 Qc5 33.Bg2 Re8 34.Re1 Nh5 35.Qf2 Nhf4 36.Bf1 Re5
37.Qd2 Re4 38.Nf5 Rxc4 39.Bxc4 Qxc4 40.Qd4 Qxd4 41.Nxd4 Nxd5 42.Re8+ Kh7
43.Ra8 Ngf4 44.Rxa6 f6 45.a4 Kg6 46.a5 Kg5 47.Ne6+ Kg4 48.Nxf4 Nxf4 49.Rd6
{#r} 1-0

[Event "33rd ChessOrg Open"]
[Site "masterchessopen.com Bad Woerishofen GER"]
[Date "2017.03.15"]
[Round "6.21"]
[White "Schweizer,Ma"]
[Black "Steinle,C"]
[Result "0-1"]
[WhiteElo "2038"]
[BlackElo "2188"]

1.g3 Nf6 2.Bg2 d5 3.c4 c6 4.Nf3 Bf5 5.b3 h6 6.O-O e6 7.Bb2 Nbd7 8.d3 Bh7
9.Nbd2 Bc5 10.e4 dxe4 11.dxe4 Qc7 12.e5 Ne4 13.Nxe4 Bxe4 14.Qe2 Bh7 15.a3 a5
16.Bc3 Qb6 17.b4 Be7 18.Nd2 axb4 19.axb4 O-O 20.c5 Qc7 21.Nc4 b6 22.cxb6 Nxb6
23.Nxb6 Qxb6 24.Rxa8 Rxa8 25.b5 Ra3 26.Rc1 cxb5 27.Bb2 Rd3 28.Bc6 b4 29.Bb5
{#R} 0-1

[Event "33rd ChessOrg Open"]
[Site "masterchessopen.com Bad Woerishofen GER"]
[Date "2017.03.15"]
[Round "6.26"]
[White "Goerg,Joachim"]
[Black "Kretschel,K"]
[Result "1-0"]
[WhiteElo "2151"]
[BlackElo "2026"]

1.e4 e5 2.Nf3 Nc6 3.d4 exd4 4.Nxd4 Nf6 5.Nxc6 bxc6 6.Bd3 d5 7.Nd2 Bc5 8.O-O
O-O 9.h3 Re8 10.Qf3 Nd7 11.Nb3 Ne5 12.Qg3 Bd6 13.f4 Nxd3 14.cxd3 a5 15.e5 a4
16.Nd4 Bc5 17.Be3 Bxd4 18.Bxd4 Bf5 19.Rac1 Re6 20.Rf3 Qd7 21.Qf2 h5 22.Kh2 Rh6
23.Qh4 Bg4 24.Rg3 Qf5 25.Qg5 Rg6 26.hxg4 Rxg5 27.gxf5 Rxf5 {#r} 1-0

[Event "33rd ChessOrg Open"]
[Site "masterchessopen.com Bad Woerishofen GER"]
[Date "2017.03.15"]
[Round "6.27"]
[White "Gehrmann,U"]
[Black "Mueller,We1"]
[Result "0-1"]
[WhiteElo "2042"]
[BlackElo "2142"]

1.f4 d5 2.Nf3 Nf6 3.e3 Bg4 4.h3 Bxf3 5.Qxf3 c6 6.g4 e5 7.fxe5 Ne4 8.h4 Be7
9.g5 Nd7 10.d4 h6 11.Nd2 Qa5 12.e6 fxe6 13.Qh5+ Kd8 14.b4 Bxb4 {#R} 0-1

[Event "3rd UT-RGV IM Inv. 2017"]
[Site "masterchessopen.com Brownsville USA"]
[Date "2017.03.15"]
[Round "3.1"]
[White "Ruiz C,J"]
[Black "Zhang,Chao"]
[Result "1-0"]
[WhiteElo "2343"]
[BlackElo "2223"]

1.e4 e5 2.Nf3 Nc6 3.Bb5 Nf6 4.Qe2 Bc5 5.c3 O-O 6.d3 d6 7.Nbd2 a6 8.Ba4 Ba7
9.h3 Ne7 10.Nh4 Ng6 11.Nf5 Bxf5 12.exf5 Nh4 13.g4 Ng2+ 14.Kf1 Nf4 15.Qf3 d5
16.Bc2 Qd6 17.Qg3 Rfe8 18.Nf3 d4 19.c4 b5 20.Nd2 bxc4 21.Nxc4 Qc6 22.Rg1 Nxd3
23.Qxd3 e4 24.Qb3 d3 25.Qa4 Qd5 26.Bd1 d2 27.Bxd2 Qd3+ 28.Kg2 Bxf2 29.Qb3 Qxb3
30.Bxb3 Bxg1 31.Rxg1 Rad8 32.Ba5 Nd5 33.Re1 g5 34.Ne3 Nf4+ 35.Kg3 Nd3 36.Rb1
Nc5 37.Bc4 Kg7 38.Bxc7 Rd2 39.Ba5 Rd6 40.Bb4 Rc8 41.f6+ Kf8 42.Rc1 Rxf6 43.Nf5
Ke8 44.Bd5 Rb6 45.Bxc5 Kd7 46.Bb3 Rbb8 47.Rd1+ Kc6 48.Ne7+ Kxc5 49.Nxc8 {#r}
1-0

[Event "3rd UT-RGV IM Inv. 2017"]
[Site "masterchessopen.com Brownsville USA"]
[Date "2017.03.15"]
[Round "3.2"]
[White "Kambrath,Y"]
[Black "Haessel,D"]
[Result "1-0"]
[WhiteElo "2353"]
[BlackElo "2142"]

1.d4 Nf6 2.c4 g6 3.d5 c6 4.Nc3 cxd5 5.cxd5 Qa5 6.g3 b5 7.Bg2 Bb7 8.e4 e6 9.Qd4
Bg7 10.Bg5 Nh5 11.Qc5 Bxc3+ 12.bxc3 f6 13.Bd2 Na6 14.Qd6 O-O-O 15.c4 Qc7
16.Qxc7+ Nxc7 17.d6 Ne8 18.c5 Kb8 19.Rb1 a6 20.a4 Bc6 21.Ne2 f5 22.Nd4 Nef6
23.Nxc6+ dxc6 24.exf5 {#r} 1-0

[Event "3rd UT-RGV IM Inv. 2017"]
[Site "masterchessopen.com Brownsville USA"]
[Date "2017.03.15"]
[Round "3.3"]
[White "Ynojosa,F"]
[Black "Hevia,A"]
[Result "0-1"]
[WhiteElo "2378"]
[BlackElo "2492"]

1.c4 e6 2.Nc3 d5 3.e3 Nf6 4.Nf3 a6 5.d4 b6 6.cxd5 exd5 7.Bd3 Bb7 8.O-O Bd6
9.Ne5 O-O 10.f4 c5 11.Qf3 Nc6 12.Ne2 Ne4 13.Nxc6 Bxc6 14.Rd1 c4 15.Bc2 Re8
16.Bd2 b5 17.Be1 Ra7 18.Ng3 Nxg3 19.hxg3 Rae7 20.Bf2 Qa5 21.g4 c3 22.bxc3 Ba3
23.Rab1 Qxc3 24.Bd3 Qa5 25.g5 g6 26.g3 Bd7 27.Kg2 Bb4 28.Rb2 Bc3 29.Re2 b4
30.g4 Qb6 31.Rh1 Bb5 32.Qh3 f5 33.gxf6 Bxd3 34.fxe7 Rxe7 35.Bh4 Re8 36.Bg5
Be4+ 37.Kf2 Bxh1 38.Qxh1 Qe6 39.Qf3 a5 40.f5 Qe4 41.fxg6 hxg6 42.Bf6 Qxf3+
43.Kxf3 a4 44.Rh2 b3 45.axb3 axb3 46.Be5 b2 47.Rh8+ Kf7 48.Rh7+ Ke6 49.Rb7 Ra8
50.Ke2 Ra1 51.Rb6+ Kd7 52.Kd3 b1=Q+ 53.Rxb1 Rxb1 54.Kxc3 Rg1 55.Kd3 Rxg4
56.Ke2 Ke6 57.Kf3 Kf5 58.Bd6 Rh4 59.Kg3 Rh5 60.Kf3 Rh3+ 61.Kf2 Ke4 {#R} 0-1

[Event "3rd UT-RGV IM Inv. 2017"]
[Site "masterchessopen.com Brownsville USA"]
[Date "2017.03.15"]
[Round "4.1"]
[White "Zhang,Chao"]
[Black "Vazquez,Guillermo"]
[Result "0-1"]
[WhiteElo "2223"]
[BlackElo "2436"]

1.d4 Nf6 2.c4 e6 3.g3 c5 4.d5 exd5 5.cxd5 d6 6.Nc3 g6 7.Bg2 Bg7 8.Nf3 O-O
9.O-O a6 10.a4 Re8 11.Nd2 Nbd7 12.a5 b5 13.axb6 Nxb6 14.e4 Ng4 15.Nb3 f5
16.Na5 Qc7 17.Bf4 Bd7 18.Nc6 Nc4 19.Qe2 Nge5 20.Nxe5 Nxe5 21.Rxa6 Rxa6 22.Qxa6
Rb8 23.Bc1 Qb6 24.Qe2 c4 25.Be3 Qxb2 26.Rb1 Qxb1+ 27.Nxb1 Rxb1+ 28.Bf1 fxe4
29.Kg2 Nd3 30.Qa2 Ne1+ 31.Kg1 Ra1 32.Qxc4 Bh3 33.Bc1 Nd3 34.Qxe4 Rxc1 35.Qxd3
Be5 36.Qb5 Kg7 37.Qd3 g5 38.Qe2 g4 39.Qd3 Ra1 40.Qb5 Kf6 41.Qe2 Rxf1+ 42.Qxf1
Bxf1 43.Kxf1 Kf5 44.Kg2 Ke4 45.h3 h5 46.hxg4 hxg4 47.Kf1 Kxd5 {#R} 0-1

[Event "3rd UT-RGV IM Inv. 2017"]
[Site "masterchessopen.com Brownsville USA"]
[Date "2017.03.15"]
[Round "4.3"]
[White "Hevia,A"]
[Black "Serna,Jeffrey M"]
[Result "1-0"]
[WhiteElo "2492"]
[BlackElo "2022"]

1.Nf3 Nf6 2.b3 c5 3.Bb2 g6 4.c4 Bg7 5.Nc3 O-O 6.d4 cxd4 7.Qxd4 Nc6 8.Qd2 Qa5
9.Rd1 Ne4 10.Nxe4 Bxb2 11.Qxa5 Nxa5 12.e3 Nc6 13.Bd3 d6 14.Ke2 a5 15.Rb1 Bg7
16.a3 b6 17.Rhc1 Bd7 18.Nc3 Ne5 19.Nxe5 Bxe5 20.Nd5 Rab8 21.Nxe7+ Kg7 22.Nd5
Bc6 23.f4 Bxd5 24.cxd5 Bf6 25.Rc6 Rfd8 26.a4 h5 27.g3 Kf8 28.Kf3 Ke7 29.h3 h4
30.g4 g5 31.Ke4 gxf4 32.exf4 Re8 33.Kf5 Bd4 34.Bb5 Kf8 35.Rc4 {#r} 1-0

[Event "3rd UT-RGV IM Inv. 2017"]
[Site "masterchessopen.com Brownsville USA"]
[Date "2017.03.15"]
[Round "4.4"]
[White "Haessel,D"]
[Black "Ynojosa,F"]
[Result "0-1"]
[WhiteElo "2142"]
[BlackElo "2378"]

1.d4 Nf6 2.c4 e6 3.Nc3 d5 4.cxd5 exd5 5.Bg5 c6 6.e3 Bd6 7.Bd3 O-O 8.Qc2 h6
9.Bh4 Re8 10.Nge2 Be6 11.O-O-O Nbd7 12.Kb1 b5 13.Rc1 Qa5 14.h3 b4 15.Na4 Rac8
16.f4 Ne4 17.g4 f6 18.Ng3 b3 19.axb3 Nd2+ 20.Ka2 Rb8 21.Qxc6 Nxb3 22.Bf5 Nb6
23.Rc3 Nxa4 {#R} 0-1

[Event "3rd UT-RGV IM Inv. 2017"]
[Site "masterchessopen.com Brownsville USA"]
[Date "2017.03.15"]
[Round "4.5"]
[White "Ruiz C,J"]
[Black "Kambrath,Y"]
[Result "1-0"]
[WhiteElo "2343"]
[BlackElo "2353"]

1.e4 c5 2.Nf3 d6 3.d4 cxd4 4.Nxd4 Nf6 5.Nc3 a6 6.Bg5 e6 7.f4 h6 8.Bh4 Qb6 9.a3
Be7 10.Bf2 Qc7 11.Be2 b5 12.Bf3 Bb7 13.O-O Nc6 14.Nb3 O-O 15.Qe2 Rac8 16.Rfd1
Rfe8 17.Be3 b4 18.axb4 Nxb4 19.Ra4 d5 20.e5 Ne4 21.Bd4 Bc6 22.Ra5 Rb8 23.Raa1
Rec8 24.Rdc1 Ba8 25.Kh1 Bf8 26.Qd1 Qd8 27.Ne2 Bb7 28.Be3 Qc7 29.Qg1 Bc6
30.Ned4 Bb7 31.Be2 Ra8 32.Qf1 a5 33.Nb5 Qd8 34.c3 Nc6 35.Ra4 f6 36.exf6 Nxf6
37.Rca1 Nd7 38.Bg4 Qf6 39.Nxa5 Nxa5 40.Rxa5 Rxa5 41.Rxa5 Nc5 42.Bd4 Qg6 43.Bh3
Nb3 44.Ra7 Bc6 45.Nc7 Nxd4 46.cxd4 Bd7 47.Nxd5 Qd3 48.Qg1 exd5 49.Rxd7 Rc2
50.Be6+ Kh7 51.Rf7 Qd2 52.Bf5+ Kg8 53.Rxf8+ Kxf8 54.Bxc2 Qxc2 55.Qa1 Qd2
56.Qa8+ Ke7 57.Qb7+ Kd6 58.Qb6+ Kd7 59.Qb5+ Ke7 60.Qc5+ Ke8 61.Qc8+ Ke7
62.Qc7+ Ke8 63.h3 Qxb2 64.Qe5+ Kf8 65.Kh2 Qf2 66.f5 Qf1 67.Qd6+ Ke8 68.Qxd5
Qf4+ 69.Kg1 Qe3+ 70.Kf1 Qd3+ 71.Kf2 Qd2+ 72.Kf3 Qd3+ 73.Kg4 Qe2+ 74.Qf3 Qd2
75.Qe4+ {#r} 1-0